Advanced mathematical methods for engineering and science students / (Record no. 8528)

MARC details
000 -LEADER
fixed length control field 01151cam a2200301 a 4500
001 - CONTROL NUMBER
control field 3873055
003 - CONTROL NUMBER IDENTIFIER
control field OSt
005 - DATE AND TIME OF LATEST TRANSACTION
control field 20240617111425.0
008 - FIXED-LENGTH DATA ELEMENTS--GENERAL INFORMATION
fixed length control field 890703s1990 enka 001 0 eng
010 ## - LIBRARY OF CONGRESS CONTROL NUMBER
LC control number 89036870
020 ## - INTERNATIONAL STANDARD BOOK NUMBER
International Standard Book Number 0521363128
020 ## - INTERNATIONAL STANDARD BOOK NUMBER
International Standard Book Number 052136860X (pbk.)
040 ## - CATALOGING SOURCE
Original cataloging agency MUST LIB
Transcribing agency MUST
Modifying agency MUST
050 00 - LIBRARY OF CONGRESS CALL NUMBER
Classification number QA39.2
Item number .S745 1990
082 00 - DEWEY DECIMAL CLASSIFICATION NUMBER
Classification number 510
Edition number 20
Item number STE
100 1# - MAIN ENTRY--PERSONAL NAME
Personal name Stephenson, G.
Fuller form of name (Geoffrey),
Dates associated with a name 1927-1954.
9 (RLIN) 17319
245 10 - TITLE STATEMENT
Title Advanced mathematical methods for engineering and science students /
Statement of responsibility, etc. G. Stephenson and P.M. Radmore.
260 ## - PUBLICATION, DISTRIBUTION, ETC. (IMPRINT)
Place of publication, distribution, etc. Cambridge ;
-- New York :
Name of publisher, distributor, etc. Cambridge University Press,
Date of publication, distribution, etc. 1990.
300 ## - PHYSICAL DESCRIPTION
Extent xi, 255 p. :
Other physical details ill. ;
Dimensions 24 cm.
500 ## - GENERAL NOTE
General note Includes index.
650 #0 - SUBJECT ADDED ENTRY--TOPICAL TERM
Topical term or geographic name as entry element Mathematics.
700 1# - ADDED ENTRY--PERSONAL NAME
Personal name Radmore, P. M.
9 (RLIN) 17117
856 42 - ELECTRONIC LOCATION AND ACCESS
Materials specified Publisher description
Uniform Resource Identifier http://www.loc.gov/catdir/description/cam024/89036870.html
856 41 - ELECTRONIC LOCATION AND ACCESS
Materials specified Table of contents
Uniform Resource Identifier http://www.loc.gov/catdir/toc/cam021/89036870.html
906 ## - LOCAL DATA ELEMENT F, LDF (RLIN)
a 7
b cbc
c orignew
d 1
e ocip
f 19
g y-gencatlg
942 ## - ADDED ENTRY ELEMENTS (KOHA)
Source of classification or shelving scheme Dewey Decimal Classification
Koha item type Book
Holdings
Withdrawn status Lost status Source of classification or shelving scheme Damaged status Not for loan Home library Current library Date acquired Source of acquisition Inventory number Total Checkouts Full call number Barcode Date last seen Price effective from Koha item type
    Dewey Decimal Classification     MUST Main Library MUST Main Library 17/06/2024 Purchase 04/20962   510 STE 2024-20623 17/06/2024 17/06/2024 Book